Las iglesias de la Comarca del Bajo Arlanza : (Record n. 14022)
[ formato base ]
| 000 -LEADER | |
|---|---|
| fixed length control field | 00819nam a2200205 i 4500 |
| 003 - CONTROL NUMBER IDENTIFIER | |
| control field | IT-RoINE |
| 005 - DATE AND TIME OF LATEST TRANSACTION | |
| control field | 20190919084448.0 |
| 008 - FIXED-LENGTH DATA ELEMENTS--GENERAL INFORMATION | |
| fixed length control field | 121019s2012 sp ae |r|||| ||0||dspa|d |
| 040 ## - CATALOGING SOURCE | |
| Original cataloging agency | SpMaBN |
| Transcribing agency | SpMaBN IT-RoINE |
| Modifying agency | IT-RoINE |
| 100 1# - MAIN ENTRY--PERSONAL NAME | |
| 9 (RLIN) | 13334 |
| Personal name | Aparicio Ahedo, Óscar I., |
| Titles and other words associated with a name | O.C.D., |
| Dates associated with a name | 1970- |
| 245 14 - TITLE STATEMENT | |
| Title | Las iglesias de la Comarca del Bajo Arlanza : |
| Remainder of title | la iglesia parroquial de Villahoz / |
| Statement of responsibility, etc | Óscar I. Aparicio Ahedo, OCD. |
| 260 ## - PUBLICATION, DISTRIBUTION, ETC. (IMPRINT) | |
| Place of publication, distribution, etc | [Villahoz, Burgos] : |
| Name of publisher, distributor, etc | Parroquia de Villahoz, |
| Date of publication, distribution, etc | D.L. 2012. |
| 300 ## - PHYSICAL DESCRIPTION | |
| Extent | 63 p. : |
| Other physical details | il. col., planos ; |
| Dimensions | 23 cm. |
| 336 ## - CONTENT TYPE | |
| Source | rdacontent |
| Content type term | text |
| 337 ## - MEDIA TYPE | |
| Source | rdamedia |
| Media type term | unmediated |
| 338 ## - CARRIER TYPE | |
| Source | rdacarrier |
| Carrier type term | volume |
| 610 24 - SUBJECT ADDED ENTRY--CORPORATE NAME | |
| Corporate name or jurisdiction name as entry element | Iglesia de Nuestra Señora de la Asunción (Villahoz, España) |
| 9 (RLIN) | 28369 |
| 651 #4 - SUBJECT ADDED ENTRY--GEOGRAPHIC NAME | |
| Geographic name | Villahoz (España) |
| General subdivision | Edificios, estructuras, etc. |
| 9 (RLIN) | 28370 |
| 942 ## - ADDED ENTRY ELEMENTS (KOHA) | |
| Item type | Monografías |
| Withdrawn status | Lost status | Damaged status | Not for loan | Home library | Current library | Date acquired | Total Checkouts | Full call number | Barcode | Date last seen | Price effective from | Koha item type |
|---|---|---|---|---|---|---|---|---|---|---|---|---|
| Iglesia Nacional Española en Roma | Iglesia Nacional Española en Roma | 02/12/2016 | HIS.ECL.ESP 699 | 30982 | 02/12/2016 | 02/12/2016 | Monografías |